Central Library OPAC University of Rajshahi
Normal view MARC view

Entry Personal Name

Number of records used in: 2

001 - CONTROL NUMBER

  • control field: 9503

003 - CONTROL NUMBER IDENTIFIER

  • control field: BD-RjUL

005 - DATE AND TIME OF LATEST TRANSACTION

  • control field: 20231012123403.0

008 - FIXED-LENGTH DATA ELEMENTS

  • fixed length control field: 231012|| aca||aabn | a|a d

040 ## - CATALOGING SOURCE

  • Original cataloging agency: BD-RjUL
  • Transcribing agency: BD-RjUL

100 ## - HEADING--PERSONAL NAME

  • Personal name: Pur-i Da'ud

670 ## - SOURCE DATA FOUND

  • Source citation: Work cat.: (BD-RjUL)82099: Davoud, Poure 9500, Introduction to the holy Gâthâs /, [1927].